000 00872nam a22002657a 4500
001 9549
003 FISKH
005 20260122163918.0
008 260122b cb ||||| |||| 00| 0 eng d
020 _a9780710505606
040 _aFISKH
_beng
_cFISKH
_dFISKH
050 _aPZ7
082 _a599.7
100 _aAnonymous
_eAuthor
245 _aMe and my pony :
_bMe and my pet /
_cIllustrated by Anne Yvonne Gilbert
260 _aBridlington :
_bTeeney Books Ltd. ,
_c1991
300 _a10 unnumbered pages :
_bcolor illustrations ;
_c16 cm
505 _aC
520 _aThe simple text describes the animal's behaviour, shows how to handle the pet properly, and the general care that each animal needs.
521 8 _a100
_bLexile estimate
521 8 _aC
_bRaz-plus
700 _aGilbert, Anne Yvonne
_eIllustrator
942 _2ddc
_cBK
_n0
999 _c9549
_d9549